| 000 | 01064cad a22002175a 4500 | ||
|---|---|---|---|
| 001 | L156910 | ||
| 008 | 120730s2012 xxk f 000 0 eng d | ||
| 035 | _a(Sirsi) u156910 | ||
| 041 | 0 | _aeng | |
| 100 | 1 | _aBust, Phil | |
| 110 | 2 |
_aLoughborough University _93508 |
|
| 245 | 0 | 0 |
_aDelivering health and safety on the ODA construction programme _ba review report for the Olympic Delivery Authority _h[electronic resource] |
| 260 |
_aLondon _bLoughborough University _c2012 |
||
| 520 | _aExamines Learning Legacy health and safety research projects with a consistent story of the health and safety management on the Olympic Park and Village and to contribute to publications. The main report summarises the key aspects and more information is provided in the appendices. | ||
| 590 | _aKA | ||
| 650 | 2 | 4 | _aOLYMPIC GAMES 2012 |
| 651 | 4 |
_aUnited Kingdom _y |
|
| 690 |
_aHealth and safety _96244 |
||
| 856 | 4 | 0 |
_uhttps://www.hse.gov.uk/aboutus/london-2012-games/resources/delivering-health-and-safety.pdf _zView this item free of charge at www.hse.gov.uk |
| 942 | _n0 | ||
| 999 |
_c114481 _d114481 |
||